| 000 | | | 03720nmc2a22000003x 450 |
| 001 | | | 20e76ee3-3aa3-42c9-a6ff-ac59600a07b6 |
| 005 | | | 20180727194420.0 |
| 100 | ## | $a | 20160915l18481848k l0rusy0189 ca |
| 101 | 0# | $a | rus |
| 102 | ## | $a | RU |
| 200 | 1# | $a | Дело по отношению исправляющего должность генерал-губернатора Восточной Сибири о прибавке суммы на содержание Иркутской городской полиции |
| | $j | 1 августа - 29 октября 1848 г. |
| 251 | ## | $c | Дело |
| 300 | ## | $a | Дело |
| 801 | #0 | $a | RU |
| | $b | РГИА |
| | $c | 20160915 |
| | $g | RCR |
| 801 | #1 | $a | RU |
| | $b | ГлавНИВЦ |
| | $c | 20160915 |
| | $2 | rusmarc |
| 801 | #2 | $a | RU |
| | $b | ПБ им. Б.Н. Ельцина |
| | $c | 20180727 |
| | $g | RCR |
| | $2 | rusmarc |
| 850 | ## | $a | РГИА |
| 852 | ## | $a | РГИА |
| | $e | Федеральное казенное учреждение "Российский государственный исторический архив" (РГИА) |
| | $j | 428 |
| 937 | ## | $h | РГИА |
| | $d | 12208674 |
| | $a | ASBIBLIO_SCAN |
| 462 | #0 | $1 | 001b10ba812-5b92-4a75-bb2f-801a76554cc3 |
| | $1 | 2001 |
| | $a | 1848-1849 гг. Дела Департамента полиции исполнительной МВД за 1848 г. |
| | $1 | 251 |
| | $c | Опись |
| | $1 | 852 |
| | $j | 11 |
| 461 | #0 | $1 | 0013e300ed0-cd39-49af-8489-5ba5b90fa401 |
| | $1 | 2001 |
| | $a | Департамент полиции исполнительной МВД |
| | $1 | 251 |
| | $c | Фонд |
| | $1 | 852 |
| | $j | 1286 |
| 215 | ## | $a | 22 л. |
| | $d | 36,5х26 см |
| 371 | ## | $a | Документ не является опубликованным и широко распространяемым |
| 105 | ## | $a | y### |
| 122 | 2# | $a | d |
| 035 | ## | $a | 20e76ee3-3aa3-42c9-a6ff-ac59600a07b6 |
| 856 | ## | $u | http://readingroom.main.prlib.ru/item.aspx?id_node=n117639830&mode=full |